| 000 -LEADER |
| fixed length control field |
01419 a2200241 4500 |
| 003 - CONTROL NUMBER IDENTIFIER |
| control field |
Nust |
| 005 - DATE AND TIME OF LATEST TRANSACTION |
| control field |
20230901122420.0 |
| 010 ## - LIBRARY OF CONGRESS CONTROL NUMBER |
| LC control number |
99027111 |
| 020 ## - INTERNATIONAL STANDARD BOOK NUMBER |
| Terms of availability |
0780347447 |
| 040 ## - CATALOGING SOURCE |
| Transcribing agency |
Nust |
| 082 00 - DEWEY DECIMAL CLASSIFICATION NUMBER |
| Classification number |
621.392,GHO |
| 100 1# - MAIN ENTRY--PERSONAL NAME |
| Personal name |
Ghosh, Sumit, |
| 9 (RLIN) |
93893 |
| 245 10 - TITLE STATEMENT |
| Title |
Hardware description languages : |
| Remainder of title |
concepts and principles / |
| Statement of responsibility, etc. |
Sumit Ghosh. |
| 260 ## - PUBLICATION, DISTRIBUTION, ETC. |
| Place of publication, distribution, etc. |
New York : |
| Name of publisher, distributor, etc. |
IEEE Press, |
| Date of publication, distribution, etc. |
c2000. |
| 300 ## - PHYSICAL DESCRIPTION |
| Extent |
xxiii, 241 p. : |
| Other physical details |
ill. ; |
| Dimensions |
27 cm. |
| 440 #0 - SERIES STATEMENT/ADDED ENTRY--TITLE |
| Title |
IEEE Press series on microelectronic systems |
| 9 (RLIN) |
99208 |
| 505 ## - FORMATTED CONTENTS NOTE |
| Formatted contents note |
The Origin of HDLs (Page-1), Evolutionary Development of the Early HDLs (Page-7), Fundamental Requirements of Behavior Level HDLs (Page-19), The First Behavior Level HDL-ADLIB-SABLE (Page-45), Verilog HDL (Page-63),Design of Concurrent HDL in Ada from First Principles (Page-75), VHDL (Page-95), Case Studies (Page-117), Simulation Algorithms for Concurrent Execution of HDLs on Loosely Coupled (Page-139), On The Concept of Transport Delay in HDLs (Page-191), The future of HDLs and Philosophical Reflections (Page-225), |
| 650 #0 - SUBJECT ADDED ENTRY--TOPICAL TERM |
| Topical term or geographic name entry element |
Computer hardware description languages. |
| 9 (RLIN) |
99272 |
| 856 42 - ELECTRONIC LOCATION AND ACCESS |
| Materials specified |
Contributor biographical information |
| Uniform Resource Identifier |
<a href="http://www.loc.gov/catdir/bios/wiley043/99027111.html">http://www.loc.gov/catdir/bios/wiley043/99027111.html</a> |
| 856 42 - ELECTRONIC LOCATION AND ACCESS |
| Materials specified |
Publisher description |
| Uniform Resource Identifier |
<a href="http://www.loc.gov/catdir/description/wiley036/99027111.html">http://www.loc.gov/catdir/description/wiley036/99027111.html</a> |
| 856 42 - ELECTRONIC LOCATION AND ACCESS |
| Materials specified |
Table of Contents |
| Uniform Resource Identifier |
<a href="http://www.loc.gov/catdir/toc/onix07/99027111.html">http://www.loc.gov/catdir/toc/onix07/99027111.html</a> |
| 942 ## - ADDED ENTRY ELEMENTS (KOHA) |
| Koha item type |
Reference |
| Source of classification or shelving scheme |
|